American Foreign Policy Today/ (Record no. 13142)
[ view plain ]
| 000 -LEADER | |
|---|---|
| fixed length control field | 00973cam a22002531 4500 |
| 001 - CONTROL NUMBER | |
| control field | 4059215 |
| 005 - DATE AND TIME OF LATEST TRANSACTION | |
| control field | 20080429185249.0 |
| 008 - FIXED-LENGTH DATA ELEMENTS--GENERAL INFORMATION | |
| fixed length control field | 711216s1964 nyub | b 00| 0 eng d |
| 010 ## - LIBRARY OF CONGRESS CONTROL NUMBER | |
| LC control number | 64025023 |
| 040 ## - CATALOGING SOURCE | |
| Original cataloging agency | DLC |
| Transcribing agency | DLC |
| Modifying agency | DLC |
| 043 ## - GEOGRAPHIC AREA CODE | |
| Geographic area code | n-us--- |
| 050 00 - LIBRARY OF CONGRESS CALL NUMBER | |
| Classification number | E744 |
| Item number | .W26 |
| 082 00 - DEWEY DECIMAL CLASSIFICATION NUMBER | |
| Classification number | 327.73 |
| 100 1# - MAIN ENTRY--PERSONAL NAME | |
| Personal name | Wanamaker, Temple. |
| 9 (RLIN) | 10388 |
| 245 10 - TITLE STATEMENT | |
| Title | American Foreign Policy Today/ |
| Statement of responsibility, etc | by Temple Wanamaker; With a pref. by Dean Rusk; Revised and updated by Deane Fons Heller |
| 260 ## - PUBLICATION, DISTRIBUTION, ETC. (IMPRINT) | |
| Place of publication, distribution, etc | New York: |
| Name of publisher, distributor, etc | Bantam Books, |
| Date of publication, distribution, etc | 1969 |
| 300 ## - PHYSICAL DESCRIPTION | |
| Extent | 250 p.: |
| Other physical details | maps.; |
| Dimensions | 18 cm. |
| 490 0# - Series Statement | |
| Series statement | Bantam matrix editions |
| 500 ## - GENERAL NOTE | |
| General note | Donated by: Alaa Abdel Ghany |
| 650 #0 - SUBJECT ADDED ENTRY--TOPICAL TERM | |
| Topical term or geographic name as entry element | World politics |
| Chronological subdivision | 1945-1989. |
| 9 (RLIN) | 10389 |
| 651 #0 - SUBJECT ADDED ENTRY--GEOGRAPHIC NAME | |
| Geographic name | United States |
| General subdivision | Foreign relations |
| Chronological subdivision | 1945-1989. |
| 9 (RLIN) | 10390 |
| 942 ## - ADDED ENTRY ELEMENTS (KOHA) | |
| Source of classification or shelving scheme | Dewey Decimal Classification |
| Item type | Book - Borrowing |
| Withdrawn status | Item status | Source of classification or shelving scheme | Damaged status | Not for loan | Vendor | Home library | Current library | Shelving location | Date acquired | Source of acquisition | Total Checkouts | Total Renewals | Full call number | Barcode | Date last seen | Date last borrowed | Koha item type |
|---|---|---|---|---|---|---|---|---|---|---|---|---|---|---|---|---|---|
| Dewey Decimal Classification | Central Library | Central Library | First floor | 17/01/2010 | Donation | 7 | 45 | 327.73 WAN | 000019452 | 15/07/2025 | 11/11/2014 | Book - Borrowing |